000 00434nam a2200157 i 4500
001 75801
003 ES-MaACL
005 20230906172614.0
007 t|
008 040927s1969 sp ||||1| spa d
100 1 _aGrima Reig, Juan.
_960037
245 1 0 _aGeografía de España /
_cJuan Grima Reig.
260 _aValencia :
_bE. López Mezquida,
_c1969.
300 _a215 p. :
_bil. ;
_c21 cm.
852 _aES-MaACL
_jC-47849
_bR.71966
999 _c75801
_d75801